| 000 | 01078nab a22002897a 4500 | ||
|---|---|---|---|
| 999 |
_c6512 _d6512 |
||
| 003 | OSt | ||
| 005 | 20260215214638.0 | ||
| 008 | 190506c xxu||||| |||| 00| 0 spa d | ||
| 040 | _cPJ | ||
| 100 |
_94182 _aDíaz, Viviana Laura |
||
| 245 | 1 | 0 |
_aGNT y cambio climático : _bcuando la desconexión digital es salud y sostenibilidad / _cViviana Laura Díaz. |
| 260 |
_aBuenos Aires : _bAbeledoPerrot, _c2024. |
||
| 300 | _ap. 13-15 | ||
| 500 | _aCita: TR LALEY AR/DOC/2959/23. | ||
| 505 | _t¿Te interesa el texto completo? Comunicate al correo: koha@justierradelfuego.gov.ar | ||
| 650 | 0 |
_91316 _aDERECHO LABORAL |
|
| 650 | 0 |
_9289 _aTECNOLOGIA DE LA INFORMACION |
|
| 650 | 0 |
_96081 _aCIENCIA Y TECNOLOGÍA |
|
| 650 | 0 |
_95233 _aPANDEMIA |
|
| 650 | 0 |
_9273 _aDERECHO INFORMATICO |
|
| 650 | 0 |
_94439 _aTELETRABAJO |
|
| 650 | 0 |
_91323 _aCONTRATO DE TRABAJO |
|
| 650 | 0 |
_95817 _aINTELIGENCIA ARTIFICIAL |
|
| 650 | 0 |
_9281 _aINTERNET |
|
| 773 | 0 |
_02751 _93202 _dBuenos Aires : AbeledoPerrot, 2013- _tRevista de derecho laboral y seguridad social. Nº 2 - Enero 2024 |
|
| 942 |
_2udc _cANA |
||